| 000 | 00530nam a22001577a 4500 | ||
|---|---|---|---|
| 003 | SISC | ||
| 005 | 20160308092758.0 | ||
| 008 | 140428b xxu||||| |||| 00| 0 eng d | ||
| 050 |
_aPL 5532 _b.D582 1996 |
||
| 100 | _aDimalanta, Ophelia A. Ph.D. | ||
| 245 |
_aPhilippine contemporary literature in English : _bTradition and change (from the 20's to the present) / _cOphelia A. Dimalanta, Ph.D. |
||
| 260 |
_aManila, Philippines : _bUST Publishing House, _c1996. |
||
| 300 |
_a326 p. : _c22 cm. |
||
| 942 |
_2lcc _cBK |
||
| 999 |
_c115538 _d115538 |
||